| 000 | 02059nam a2200433 i 4500 | ||
|---|---|---|---|
| 001 | ebr10868203 | ||
| 003 | CaPaEBR | ||
| 006 | m o d | ||
| 007 | cr cn||||||||| | ||
| 008 | 140516t20142000enka ob 001 0 eng d | ||
| 020 | _z9780470674413 | ||
| 020 | _a9781118800850 (e-book) | ||
| 040 |
_aCaPaEBR _beng _erda _epn _cCaPaEBR |
||
| 035 | _a(OCoLC)865544033 | ||
| 050 | 1 | 4 |
_aRC280.G5 _b.S56 2014eb |
| 082 | 0 | 4 |
_a616.99465 _223 |
| 100 | 1 |
_aSinger, Albert, _eauthor. |
|
| 245 | 1 | 0 |
_aSinger & Monaghan's cervical and lower genital tract precancer : _bdiagnosis and treatment / _cAlbert Singer and Ashfaq M. Khan ; assistant authors Rupali S. Arora, Jacob Bornstein ; contributing author Swee Chong Quek. |
| 250 | _aThird edition. | ||
| 264 | 1 |
_aWest Sussex, England : _bJohn Wiley & Sons, _c2014. |
|
| 264 | 4 | _c�2000 | |
| 300 |
_a1 online resource (306 pages) : _billustrations (some color), tables |
||
| 336 |
_atext _2rdacontent |
||
| 337 |
_acomputer _2rdamedia |
||
| 338 |
_aonline resource _2rdacarrier |
||
| 504 | _aIncludes bibliographical references and index. | ||
| 588 | _aDescription based on print version record. | ||
| 590 | _aElectronic reproduction. Palo Alto, Calif. : ebrary, 2015. Available via World Wide Web. Access may be limited to ebrary affiliated libraries. | ||
| 650 | 0 |
_aGenerative organs, Female _xPrecancerous conditions. |
|
| 650 | 0 |
_aGenerative organs, Female _xAlternative treatment. |
|
| 655 | 0 | _aElectronic books. | |
| 700 | 1 |
_aKhan, Ashfaq M., _eauthor. |
|
| 700 | 1 |
_aArora, Rupali S., _eauthor. |
|
| 700 | 1 |
_aBornstein, Jacob, _eauthor. |
|
| 700 | 1 |
_aChong Quek, Swee, _eauthor. |
|
| 776 | 0 | 8 |
_iPrint version: _aSinger, Albert. _tSinger & Monaghan's cervical and lower genital tract precancer : diagnosis and treatment. _bThird edition. _dWest Sussex, England : John Wiley & Sons, 2014, c2000 _hxii, 292 pages _z9780470674413 _w2013049541 |
| 797 | 2 | _aebrary. | |
| 856 | 4 | 0 |
_uhttp://site.ebrary.com/lib/rucke/Doc?id=10868203 _zAn electronic book accessible through the World Wide Web; click to view |
| 999 |
_c105448 _d105448 |
||